000 01174nam a2200325 a 4500
999 _c355380
_d355380
003 BLK
005 20250123095112.0
008 200310b bul|||||r ||||||| ||bul||
010 _aKNG00017984RET
040 _aBLK
041 _aBUL
_cBUL
080 _aФренска литература
_b821.133.1
_x-2
_z821.133.1-2
100 _aДюма - син, Александър
_eпърви автор
_91299
139 _aДюма, Александър-син
_bД 98
245 1 0 _aДиана де Лис
_bДрама в 5 д.
_cСъавт. Александър Дюма-син ; Прев. от фр. Н. Семенов
257 _aBGR
260 _aРусе
_bСимеон Симеонов
_c1898
_fРусе : печ. Надежда
300 _a158 с.
_c25 см
380 _aX
490 _9435080
_aКолекция Редки и ценни издания
700 1 _aСеменов, Н.
_eПрев. от фр.
_9405299
852 _aРб 898
_bРц
852 _a К 821/Д 98
856 4 _qpdf
_u
856 4 _qpdf
_u
942 _cKNG
_n0
_s1
_01
944 _aCR
_c2020-04-16
_k30558
_lВаля Йорданова
999 _d355380
999 _d355380